Statystyki dla Ciekawostki quiz #9 - 100 najpopularniejszych imion żeńskich w Polsce

Kliknij tutaj aby rozwiązać quiz!

Ogólne statystyki

  • Ten quiz został rozwiązany 42 razy
  • Średni wynik to 54 z 100

Statystyki odpowiedzi

MiejsceImięLiczba osób% Poprawnych
12Aleksandra389 719
100%
1Anna1 072 616
94%
2Katarzyna604 753
94%
9Elżbieta415 199
88%
93Viktoriia52 563
85%
48Weronika151 315
85%
35Wiktoria205 558
85%
5Agnieszka547 485
82%
3Maria585 573
82%
83Mariia57 362
82%
16Natalia317 133
82%
69Nataliia81 158
82%
38Urszula184 392
82%
6Barbara479 955
79%
8Magdalena434 573
79%
30Zuzanna224 033
79%
7Ewa476 100
76%
17Julia307 602
76%
19Karolina294 334
76%
4Małgorzata577 214
76%
45Oliwia159 830
76%
91Yuliia53 833
76%
14Zofia369 226
76%
23Alicja252 802
74%
10Joanna404 003
74%
50Martyna142 405
74%
24Halina238 059
71%
53Lena129 748
71%
20Marta289 773
71%
13Monika377 945
71%
42Patrycja169 445
71%
29Paulina224 066
71%
65Daria87 225
68%
28Grażyna228 174
68%
31Hanna222 618
65%
43Helena163 805
65%
40Sylwia182 453
65%
46Izabela159 409
62%
33Justyna216 718
62%
51Klaudia138 825
62%
11Krystyna403 874
62%
15Teresa327 952
62%
56Dominika122 862
59%
60Kamila111 270
59%
41Maja179 730
59%
39Agata184 049
56%
18Danuta296 760
56%
49Ewelina148 205
56%
26Iwona232 538
56%
57Kinga120 929
56%
37Renata187 830
56%
21Beata280 043
53%
72Nikola77 645
53%
27Jadwiga231 844
50%
55Amelia124 228
47%
47Aneta151 669
47%
44Emilia161 496
47%
96Łucja48 602
47%
78Antonina69 163
44%
36Bożena198 786
44%
59Edyta114 004
44%
25Jolanta236 965
44%
73Milena76 609
44%
92Nadia53 066
44%
89Sandra54 362
44%
61Stanisława110 249
44%
62Wiesława105 001
44%
63Alina103 334
41%
79Angelika64 906
41%
52Gabriela134 547
41%
34Irena209 399
41%
32Janina217 197
41%
75Laura73 662
41%
84Michalina56 621
41%
76Wioletta72 516
41%
87Bogumiła54 726
38%
86Ilona55 045
38%
94Kornelia50 889
38%
54Marzena129 430
38%
81Olga61 187
38%
80Olha61 285
38%
64Wanda93 097
38%
22Dorota268 289
35%
68Mariola81 972
35%
90Anastasiia53 873
32%
58Marianna116 193
32%
95Genowefa49 147
29%
67Lidia82 647
29%
99Liliana47 291
29%
97Marlena48 545
29%
82Oksana59 347
29%
98Nina47 799
26%
100Pola47 272
26%
70Lucyna79 828
21%
77Mirosława69 863
21%
88Kazimiera54 512
18%
66Tetiana86 019
12%
85Svitlana56 280
3%
74Iryna75 203
0%
71Olena78 551
0%

Rozkład punktacji

Percentyl według liczby udzielonych odpowiedzi

Procent ludzi z każdym wynikiem

Twoja historia wyników

Nie rozwiązałeś tego quizu